Name a City - Metropolitan Areas - Statistics

General Stats
  • This quiz has been taken 89 times
  • The average score is 11 of 15
Answer Stats
Metropolitan Area City % Correct
New York City Elizabeth | Jersey City | Newark | Paterson | Yonkers
96%
Los Angeles Anaheim | Glendale | Irvine | Long Beach | Santa Ana
91%
San Francisco Berkeley | Concord | Fremont | Hayward | Oakland
91%
Minneapolis Bloomington | Brooklyn Park | Eagan | Plymouth | Saint Paul
91%
Las Vegas Henderson | North Las Vegas | Paradise | Spring Valley | Sunrise Manor
84%
Chicago Aurora | Elgin | Joliet | Kenosha | Naperville
82%
Denver Arvada | Aurora | Lakewood | Thornton | Westminster
80%
Seattle Bellevue | Everett | Kent | Renton | Tacoma
80%
Washington, D.C. Alexandria | Arlington | Centreville | Germantown | Silver Spring
78%
Miami Fort Lauderdale | Hialeah | Hollywood | Miramar | Pembroke Pines
78%
Columbus Dublin | Lancaster | Newark | Reynoldsburg | Westerville
70%
Boston Brockton | Cambridge | Lowell | Lynn | Quincy
67%
Houston League City | Pasadena | Pearland | Sugar Land | Woodlands
63%
Philadelphia Camden | Levittown | Norristown | Pennsauken | Wilmington
50%
Atlanta Alpharetta | Johns Creek | Marietta | Roswell | Sandy Springs
43%
No matching quizzes found
Score Distribution
Percent of People with Each Score
Percentile by Number Answered
Your Score History
You have not taken this quiz